| 000 | 00413nam a2200169 a 4500 | ||
|---|---|---|---|
| 001 | 669 | ||
| 003 | CDMR | ||
| 005 | 20130322132038.0 | ||
| 008 | 130130s1973||||||||||||||||||||||||||||d | ||
| 040 |
_aCDMR _bcat _cCDMR |
||
| 100 | 1 |
_aCarner, Josep _9509 |
|
| 245 | 1 | 0 |
_aDel Pròxim Orient 1935-1936 _cJosep Carner |
| 260 |
_aBarcelona _c1973 _bAymà |
||
| 300 |
_a170 p ; _c19 cm |
||
| 490 | 0 | _aLa Mirada | |
| 942 |
_cMON _2udc |
||
| 999 |
_c669 _d669 |
||